| 000 | 00496nam a2200157Ia 4500 | ||
|---|---|---|---|
| 008 | 151213s9999 xx 000 0 und d | ||
| 100 | _aRay JL. Leuiche / David M. Saunders / John W. Minton | ||
| 245 |
_aEssentials of Negotiation _cRay JL. Leuiche / David M. Saunders / John W. Minton |
||
| 250 | _a1st | ||
| 260 |
_aMadrid _bIrwin _c1997 |
||
| 300 | _a2827 p. | ||
| 650 | _aManagement | ||
| 650 | _aManagement | ||
| 700 | _aRay JL. Leuiche / David M. Saunders / John W. Minton | ||
| 999 |
_c1937 _d1937 |
||